| 000 | 00363nam a2200109Ia 4500 | ||
|---|---|---|---|
| 008 | 160909s9999 xx 000 0 und d | ||
| 100 | _aGuan, Jinyan | ||
| 245 | _aBayesian generative modeling for complex dynamical systems | ||
| 260 |
_bThe University of Arizona. _c2016 |
||
| 650 | _aPSYCHOLOGY | ||
| 856 | _uhttp://pqdtopen.proquest.com/doc/1794656383.html?FMT=ABS | ||
| 999 |
_c304143 _d304143 |
||